书目信息 |
| 题名: |
无产阶级专政学说史
|
|
| 作者: | 章士嵘 编 | |
| 分册: | ||
| 出版信息: | 长春 吉林人民出版社 1981 |
|
| 页数: | 272页 | |
| 开本: | 21cm | |
| 丛书名: | ||
| 单 册: | ||
| 中图分类: | D046 , D1 | |
| 科图分类: | ||
| 主题词: | 无产阶级专政--政治思想史--1895~1952 , 政治思想史 , 国际共产主义运动 | |
| 电子资源: | ||
| ISBN: | ||
| 000 | 00705nam0 2200253 450 | |
| 001 | 1558282439 | |
| 005 | 20150120161155.78 | |
| 010 | @dCNY0.80 | |
| 091 | @a11091.57 | |
| 100 | @a19950309d1981 em y0chiy0110 ea | |
| 101 | 0 | @achi |
| 102 | @aCN@b220000 | |
| 105 | @ay z 000yy | |
| 200 | 1 | @a无产阶级专政学说史@9wu chan jie ji zhuan zheng xue shuo shi@e18995-1952@f章士嵘等编 |
| 210 | @a长春@c吉林人民出版社@d1981 | |
| 215 | @a272页@d21cm | |
| 606 | 0 | @a无产阶级专政@x政治思想史@z1895~1952 |
| 606 | 0 | @a政治思想史 |
| 606 | 0 | @a国际共产主义运动 |
| 690 | @aD046@v5 | |
| 690 | @aD1@v4 | |
| 701 | 0 | @a章士嵘@9zhang shi rong@f(1931~)@4编 |
| 801 | 0 | @aCN@bTSSF@c20150120 |
| 905 | @aZUCC@dD1@eJY6 | |
| 无产阶级专政学说史:18995-1952/章士嵘等编.-长春:吉林人民出版社,1981 |
| 272页;21cm |
| ISBN :CNY0.80 |
| ● |
| 相关链接 |
|
|
|
|
正题名:无产阶级专政学说史
索取号:D1/JY6
 
预约/预借
| 序号 | 登录号 | 条形码 | 馆藏地/架位号 | 状态 | 备注 |
| 1 | 7836282 | 278362825 | 学院路分馆/ [索取号:D1/JY6] | 在馆 |